Top 3 Spotify dans 10 pays du monde - Statistiques

Statistiques générales
  • Ce quiz a été pris 45 fois
  • Le résultat moyen est 4 sur 30
Statistiques - réponses
Hint Réponse % Correct
Jul
64%
Top 3 Espagne Taylor Swift
64%
Taylor Swift
64%
Bad Bunny
52%
Top 3 États-Unis Drake
50%
Drake
50%
Ninho
48%
Werenoi
24%
Burna Boy
17%
Top 3 Allemagne Jungkook
5%
Top 3 Argentine Luciano
5%
Top 3 Afrique du Sud Arjit Singh
2%
Ana Castela
0%
Asake
0%
Top 3 Brésil Ayliva
0%
Duki
0%
Emilia
0%
Feid
0%
Henrique et Juliano
0%
Top 3 Corée du Sud Jimin
0%
Kabza de Small
0%
Kelvin Momo
0%
Top 3 Inde Lim Youngwoong
0%
Maria Becerra
0%
Mc Ryan Sp
0%
Myke Towers
0%
Top 3 France Pritam
0%
Seyi Vibez
0%
Top 3 Nigéria Shreya Goshal
0%
Zach Bryan
0%
Aucun quiz correspondant
Distribution des résultats
% des personnes avec chaque résultat
Percentile par nombre de réponses
Votre historique - résultats
Vous n’avez pas pris ce quiz